000 00825cam a2200277 i 4500
001 17881892
005 20180220031918.0
008 130910s2015 paua b 001 0 eng
010 _a 2013036678
020 _a9781451192810
020 _a1451192819
035 _a(DNLM)101616723
040 _aDNLM/DLC
_beng
_cDLC
_erda
_dDLC
041 _aeng
042 _apcc
060 1 0 _aWY 105
080 _a362.173068 MAR
082 0 0 _a362.173068 MAR
_223
100 1 _a3
101 _aINF
245 1 0 _aLeadership roles and management functions in nursing :
_cBessie L. Marquis, Carol J. Huston.
504 _aIncludes bibliographical references and index.
906 _a7
_bcbc
_corignew
_d1
_eecip
_f20
_gy-gencatlg
942 _2ddc
_cBK
999 _c42857
_d42857